00231nam a2200097Ia 4500008004100000041000800041100001500049245002600064260003500090300000800125230822s1999 xx 000 0 und d aeng aDICKENS C. aA TALE OF TWO CITIES. bJAICO PUB. HOUSE MUMBAI c1999 a201